000 00419nam a22001577a 4500
005 20251108170517.0
008 250721s1999 xx 000 0 ara d
245 1 0 _aالعولمة /
264 _bدار جهاد للطباعة و النشر،
_c1999.
300 _a124ص
650 1 7 _aالسياسة
650 1 7 _aالعولمة
650 1 7 _aالعلاقات الدولية
942 _2ddc
_cBK
999 _c42247
_d42247